| 000 | 00652cam a2200205 i 4500 | ||
|---|---|---|---|
| 005 | 20251112123224.0 | ||
| 008 | 250721s1982 le gr 000 0 ara d | ||
| 082 | 1 | 4 |
_a189 _bق ط ب |
| 100 | 1 |
_aقطب، محمد _eمؤلف. |
|
| 245 | 1 | 2 |
_aالإنسان بين المادية و الإسلام / _cمحمد قطب. |
| 250 | _aالطبعة السابعة. | ||
| 264 | 3 | 1 |
_aبيروت : _bدار الشروق، _c1982. |
| 300 | _a224 صفحة. | ||
| 650 | 1 | 7 | _aالفلسفةالإسلامية. |
| 650 | 1 | 7 | _aالإنسان. |
| 650 | 1 | 7 | _aالمادية. |
| 650 | 1 | 7 | _aالإسلام. |
| 942 |
_2ddc _cBK |
||
| 999 |
_c95437 _d95437 |
||